000
00340pab a2200145 454500
008
180718b1986 xxu||||| |||| 00| 0 eng d
100
_a
Sethi, J.D.
245
_a
Democratic socialism, marxism and Soviet expansionism
260
_c
1986
300
_a
8-10
362
_a
13 Apr.
650
_a
Marxism
773
_a
Janata
909
_a
13272
999
_c
13272
_d
13272